| 000 | 00886nam a22002297a 4500 | ||
|---|---|---|---|
| 999 |
_c7385 _d7385 |
||
| 003 | AR-CdUCM | ||
| 008 | 190320b ||||| |||| 00| 0 spa d | ||
| 040 |
_aMUNICIPALIDAD PROVINCIAL DEL CUSCO _cBIBLIOTECA MUNICIPAL DEL CUSCO |
||
| 041 | _heng. | ||
| 082 |
_a691.08 / _bCM |
||
| 100 |
_aRose, Robert M, _920811 |
||
| 245 | _aPropiedades electrónicas / | ||
| 260 |
_aMexico : _bLimusa, _c1968. |
||
| 300 |
_a316 paginas ; _c27 cm. |
||
| 440 |
_aColección Introducción a la ciencia de materiales / _920812 |
||
| 505 | _aContenido :Energía de electrón de los sólidos --Emisión electrónica --Comportamiento térmico --Conducción electrónica --Semiconductores --Dispositivo semiconductores ... | ||
| 650 |
_aPropiedades electrónicas _920813 |
||
| 650 |
_aMatemáticas _99398 |
||
| 700 |
_aCarlos Ribbeck Fantini (traductor) _920814 |
||
| 942 |
_2ddc _cLIBROS |
||
| 945 | _arjall | ||